000 00952naa a22002897a 4500
001 BR8203604
003 BR-BrBNA
005 20250721143205.0
007 ta
008 250630b bl.|||m| |||| 00| 0 por d
040 _aBR-BrBNA
_bpor
_cBiblioteca Nacional de Agricultura
041 _a(Pt)
072 _aE70
_b0120
090 _aE70 BR8203604
100 1 _aGarcia, J.C.
245 1 _aComercializacao [milho]
250 1 _a2. ed.
500 _aRecomendacoes tecnicas para o cultivo do milho 2. ed.Sete Lagoas, MG (Brasil): 1982. p. 44-49 (BR8203604-AMS)
773 0 _tRecomendacoes tecnicas para o cultivo do milho
_wE70 BR8203604
_gSete Lagoas, MG (Brasil), 1982. p. 44-49
650 _aMILHO
650 _aPRECO
650 _aOFERTA
650 _aMERCADO
490 _aCircular Tecnica - Centro Nacional de Pesquisa de Milho e Sorgo (Brazil)
_vno. 4
_xISSN 0100-8013
942 _cAMS
_2AGRIS
909 _a202506
_bLúcia
_c55
_dLúcia Elande
999 _c334232
_d334232